000 00336nam a22001457a 4500
008 250422b |||||||| |||| 00| 0 eng d
020 _a0761971491
050 _aHD2321
_b.D53
100 _aDICKEN, Peter
245 _aGlobal Shift
250 _a4th
260 _aLondon
_bSage Publications
_c2003
300 _axvii, 632p.
942 _cBK
999 _c3108
_d3108